[Event "EU-ch Cities&Town (Women) op"]
[Site "Tornelo INT"]
[Date "2023.01.29"]
[Round "?"]
[White "Pasoglou, Ekaterini"]
[Black "Kane, Marta"]
[Result "1/2-1/2"]
[WhiteElo "1872"]
[BlackElo "1836"]
[PlyCount "106"]
[EventDate "2023.01.29"]
[EventType "team-swiss"]
[EventRounds "9"]
[EventCountry "NET"]
[SourceTitle "CBM 212 Extra"]
[Source "ChessBase"]
[SourceDate "2023.03.31"]
[SourceVersion "1"]
[SourceVersionDate "2023.03.31"]
[SourceQuality "1"]
[WhiteTeam "Thessaloniki"]
[BlackTeam "Kuldiga"]
[WhiteTeamCountry "GRE"]
[BlackTeamCountry "LAT"]

1. e4 c5 2. Nf3 e6 3. d4 cxd4 4. Nxd4 Qc7 5. c4 a6 6. Nc3 Nc6 7. Nb3 Nf6 8. Be2 Be7 9. Be3 d6 10. 0-0 0-0 11. f4 Re8 12. Bf3 Bf8 13. Qe1 Nb4 14. Qe2 Bd7 15. a3 Nc6 16. Qf2 h6 17. Rac1 Ne7 18. Nd2 Bc6 19. b4 Qd7 20. Nb3 Rec8 21. Nd4 d5 22. Nxc6 bxc6 23. e5 Ne8 24. g4 a5 25. c5 Nc7 26. Ne2 Nb5 27. a4 Nc7 28. Rb1 Rcb8 29. bxa5 Rxb1 30. Rxb1 Rxa5 31. Nc3 Na6 32. Be2 Qa7 33. Rb6 Nc8 34. Rxc6 Qa8 35. Rd6 Nxd6 36. cxd6 Nb4 37. Bb5 Nc2 38. Qxc2 Qc8 39. Qd2 Ra7 40. Ne2 Ra8 41. Nd4 Qc5 42. Nc6 Qa3 43. Ne7+ Bxe7 44. dxe7 Qa1+ 45. Kg2 Rc8 46. e8Q+ Rxe8 47. Bxe8 Qa3 48. Bb5 Qb3 49. Bd3 Qa3 50. Bb5 Qb3 51. Qe2 Qc3 52. Qd3 Qb2+ 53. Qd2 Qb3 1/2-1/2

[Event "GRE-chT 47th"]
[Site "Patras"]
[Date "2019.07.03"]
[Round "2.2"]
[White "Vozinaki, Anthi Maria"]
[Black "Pasoglou, Ekaterini"]
[Result "1-0"]
[WhiteElo "2054"]
[BlackElo "1804"]
[PlyCount "145"]
[EventDate "2019.07.02"]
[EventType "team-swiss"]
[EventRounds "7"]
[EventCountry "GRE"]
[SourceTitle "CBM 191 Extra"]
[Source "ChessBase"]
[SourceDate "2019.09.30"]
[SourceVersion "1"]
[SourceVersionDate "2019.09.30"]
[SourceQuality "1"]
[WhiteTeam "Chania SA"]
[BlackTeam "Thessaloniki"]
[WhiteTeamCountry "GRE"]
[BlackTeamCountry "GRE"]

1. e4 c5 2. Nf3 Nc6 3. d4 cxd4 4. Nxd4 g6 5. c4 Nf6 6. Nc3 d6 7. Be2 Nxd4 8. Qxd4 Bg7 9. Be3 0-0 10. Qd2 Be6 11. Rc1 Qa5 12. 0-0 Rfc8 13. b3 a6 14. f4 Bg4 15. Bd3 Bd7 16. h3 Bc6 17. Qf2 Nd7 18. Nd5 Bxd5 19. exd5 b5 20. Bd4 Bxd4 21. Qxd4 bxc4 22. bxc4 Qb6 23. Qxb6 Nxb6 24. Rc2 Rc7 25. Rb1 Na4 26. Kf2 Nc5 27. Ke3 Kf8 28. Be2 Ke8 29. Kd4 Kd8 30. Rcb2 Raa7 31. Rb8+ Rc8 32. R8b6 Rac7 33. Bg4 Nd7 34. R6b4 f5 35. Bd1 a5 36. Ra4 Rc5 37. Rb5 Ra8 38. Ra3 Kc7 39. Ba4 Rb8 40. Re3 Kd8 41. Rxb8+ Nxb8 42. Bb5 Rc7 43. Ra3 Ra7 44. g4 fxg4 45. hxg4 Nd7 46. Bxd7 Kxd7 47. Rh3 h5 48. gxh5 gxh5 49. Rxh5 Rb7 50. Rh3 Rb1 51. Ra3 Rf1 52. Ke3 Rc1 53. Kd3 Rf1 54. Rxa5 Rxf4 55. Ra7+ Kd8 56. a4 Rf3+ 57. Kc2 Re3 58. Rb7 e6 59. dxe6 Rxe6 60. Kc3 Re1 61. Rh7 Rb1 62. a5 Kc8 63. Kd4 Rd1+ 64. Kc3 Rb1 65. a6 Kb8 66. Rd7 Ra1 67. Rxd6 Ka7 68. Kd4 Rxa6 69. Rxa6+ Kxa6 70. Kd5 Kb7 71. Kd6 Kc8 72. Kc6 Kd8 73. Kb7 1-0

[Event "GRE-chT 47th"]
[Site "Patras"]
[Date "2019.07.02"]
[Round "1.2"]
[White "Pasoglou, Ekaterini"]
[Black "Louka, Marianthi"]
[Result "1-0"]
[WhiteElo "1804"]
[BlackElo "1493"]
[PlyCount "69"]
[EventDate "2019.07.02"]
[EventType "team-swiss"]
[EventRounds "7"]
[EventCountry "GRE"]
[SourceTitle "CBM 191 Extra"]
[Source "ChessBase"]
[SourceDate "2019.09.30"]
[SourceVersion "1"]
[SourceVersionDate "2019.09.30"]
[SourceQuality "1"]
[WhiteTeam "Thessaloniki"]
[BlackTeam "Kalamata Poseidon"]
[WhiteTeamCountry "GRE"]
[BlackTeamCountry "GRE"]

1. d4 Nf6 2. Nf3 e6 3. e3 d5 4. Bd3 c5 5. b3 Bd6 6. Bb2 0-0 7. Nbd2 b6 8. 0-0 Bb7 9. c4 cxd4 10. exd4 Nc6 11. a3 a5 12. Qe2 Bc7 13. Rac1 dxc4 14. bxc4 Ne7 15. Ne5 Ng6 16. f4 Nh4 17. g3 Nf5 18. Ndf3 h5 19. Rfd1 Nh6 20. Ng5 Nfg4 21. h3 Nxe5 22. dxe5 Qe7 23. Bh7+ Kh8 24. Qxh5 Qc5+ 25. Bd4 Qxa3 26. Rc3 Qb2 27. Be4 Bxe4 28. Nxe4 Rad8 29. Rcd3 Qb4 30. g4 Kg8 31. f5 Rxd4 32. Rxd4 Bxe5 33. Rd8 Qb2 34. R8d2 Qb4 35. f6 1-0

[Event "GRE-chT 46th"]
[Site "Rio Achaia"]
[Date "2018.07.11"]
[Round "3.1"]
[White "Nikolaidou, Maria"]
[Black "Pasoglou, Ekaterini"]
[Result "0-1"]
[WhiteElo "1239"]
[BlackElo "1849"]
[PlyCount "78"]
[EventDate "2018.07.10"]
[EventType "team"]
[EventRounds "7"]
[EventCountry "GRE"]
[SourceTitle "CBM 185 Extra"]
[Source "ChessBase"]
[SourceDate "2018.07.29"]
[SourceVersion "1"]
[SourceVersionDate "2018.07.29"]
[SourceQuality "1"]
[WhiteTeam "Heraklion Attica"]
[BlackTeam "Thessaloniki"]
[WhiteTeamCountry "GRE"]
[BlackTeamCountry "GRE"]

1. d4 Nf6 2. Nf3 e6 3. Bf4 c5 4. e3 d5 5. Nbd2 Nc6 6. Bd3 Bd6 7. Bg3 0-0 8. c3 b6 9. e4 Be7 10. e5 Nd7 11. Nf1 f5 12. exf6 Nxf6 13. Qe2 Bd6 14. Ne3 Qc7 15. Nc2 c4 16. Bxc4 dxc4 17. Qxc4 Bd7 18. Ne3 Rac8 19. d5 Na5 20. Qd4 Bxg3 21. hxg3 exd5 22. Nxd5 Rce8+ 23. Ne3 Nc4 24. 0-0-0 Nxe3 25. fxe3 Re4 26. Qd3 Qxg3 27. Nd4 Qxe3+ 28. Qxe3 Rxe3 29. Nf3 Bg4 30. Rhe1 Rxe1 31. Rxe1 Bxf3 32. gxf3 Nd5 33. Rf1 Ne3 34. Rf2 Ng4 35. Re2 Rxf3 36. Re7 a5 37. Rb7 Rf6 38. Rb8+ Kf7 39. Rd8 h5 0-1

[Event "EU-ch U16 Girls 26th"]
[Site "Prague"]
[Date "2016.08.26"]
[Round "8"]
[White "Pasoglou, Ekaterini"]
[Black "Koehler, Inken"]
[Result "1/2-1/2"]
[WhiteElo "1938"]
[BlackElo "2008"]
[PlyCount "98"]
[EventDate "2016.08.18"]
[EventType "swiss"]
[EventRounds "9"]
[EventCountry "CZE"]
[SourceTitle "CBM 174 Extra"]
[Source "ChessBase"]
[SourceDate "2016.10.10"]
[SourceVersion "1"]
[SourceVersionDate "2016.10.10"]
[SourceQuality "1"]

1. d4 d5 2. c4 c6 3. Nf3 Nf6 4. e3 Bf5 5. Qb3 Qb6 6. c5 Qc7 7. Nc3 e6 8. Nh4 Bg6 9. Nxg6 hxg6 10. h3 Nbd7 11. Qc2 Be7 12. Be2 g5 13. g3 g4 14. h4 Rh5 15. Qd1 g5 16. Bxg4 Nxg4 17. Qxg4 Nf6 18. Qf3 gxh4 19. Rxh4 Rxh4 20. gxh4 0-0-0 21. Bd2 Rh8 22. 0-0-0 Rxh4 23. Rh1 Rxh1+ 24. Qxh1 Qd8 25. b4 Qg8 26. b5 cxb5 27. Nxb5 a6 28. Nc3 Kd7 29. Qh2 Kc6 30. Na4 Qd8 31. f3 Qc7 32. Qg2 Bd8 33. Be1 Qe7 34. Qc2 e5 35. Nb6 Bxb6 36. cxb6+ Kxb6 37. Qb2+ Ka7 38. dxe5 Qc5+ 39. Qc3 Nd7 40. Qxc5+ Nxc5 41. Kc2 Kb6 42. Bb4 Ne6 43. Kd3 Kc6 44. f4 Kd7 45. Ba5 Ng7 46. Kd4 Nf5+ 47. Kxd5 Nxe3+ 48. Kd4 Nf5+ 49. Ke4 Ke6 1/2-1/2

[Event "EU-ch U16 Girls 26th"]
[Site "Prague"]
[Date "2016.08.25"]
[Round "7"]
[White "Pasoglou, Ekaterini"]
[Black "Bojicic, Andjela"]
[Result "1/2-1/2"]
[WhiteElo "1938"]
[BlackElo "2110"]
[PlyCount "90"]
[EventDate "2016.08.18"]
[EventType "swiss"]
[EventRounds "9"]
[EventCountry "CZE"]
[SourceTitle "CBM 174 Extra"]
[Source "ChessBase"]
[SourceDate "2016.10.10"]
[SourceVersion "1"]
[SourceVersionDate "2016.10.10"]
[SourceQuality "1"]

1. d4 Nf6 2. c4 g6 3. Nc3 Bg7 4. e4 d6 5. Be2 0-0 6. Be3 c5 7. d5 a6 8. a4 Re8 9. Nf3 Bg4 10. h3 Bxf3 11. Bxf3 Qb6 12. Qc2 Nfd7 13. a5 Qc7 14. 0-0 Bd4 15. Bxd4 cxd4 16. Ne2 d3 17. Qxd3 Ne5 18. Qd4 Qc8 19. Qc3 Qxc4 20. Qxc4 Nxc4 21. Rfc1 Ne5 22. Rc7 Nbd7 23. Nd4 Rab8 24. Be2 Nc5 25. b4 Ncd3 26. Rd1 Nf4 27. Kf1 g5 28. Nf5 Kf8 29. h4 gxh4 30. Nxh4 Rec8 31. Rdc1 Rxc7 32. Rxc7 Ke8 33. Nf5 Kd8 34. Rc3 b6 35. axb6 Rxb6 36. Rb3 e6 37. dxe6 fxe6 38. Nd4 Nc6 39. Nxc6+ Rxc6 40. Rb1 Rb6 41. g3 Nxe2 42. Kxe2 Kd7 43. Kd3 Kc6 44. f4 d5 45. g4 Rb7 1/2-1/2

[Event "EU-ch U16 Girls 26th"]
[Site "Prague"]
[Date "2016.08.22"]
[Round "5"]
[White "Pasoglou, Ekaterini"]
[Black "Avetisyan, Mariam"]
[Result "0-1"]
[WhiteElo "1938"]
[BlackElo "2079"]
[PlyCount "96"]
[EventDate "2016.08.18"]
[EventType "swiss"]
[EventRounds "9"]
[EventCountry "CZE"]
[SourceTitle "CBM 174 Extra"]
[Source "ChessBase"]
[SourceDate "2016.10.10"]
[SourceVersion "1"]
[SourceVersionDate "2016.10.10"]
[SourceQuality "1"]

1. d4 d5 2. Nf3 Nf6 3. e3 e6 4. Bd3 c5 5. Nbd2 Nc6 6. c3 Bd6 7. 0-0 0-0 8. Qe2 e5 9. dxe5 Nxe5 10. Nxe5 Bxe5 11. Nf3 Bc7 12. c4 Bg4 13. h3 Bh5 14. b3 Ne4 15. g4 Bg6 16. cxd5 f5 17. Bb2 fxg4 18. hxg4 Rxf3 19. Qxf3 Nd2 20. Qe2 Bxd3 21. Qxd2 Qg5 22. f3 Bxf1 23. Rxf1 Rd8 24. Rd1 h5 25. e4 Bf4 26. Qg2 Be3+ 27. Kf1 Rf8 28. gxh5 Qh6 29. Ke2 Bf4 30. Rg1 Qa6+ 31. Ke1 g5 32. Qc2 Be3 33. Qc3 Bd4 34. Rxg5+ Kh7 35. Qc2 Rxf3 36. Bxd4 Qf1+ 37. Kd2 cxd4 38. Qc7+ Rf7 39. Qxf7+ Qxf7 40. Rf5 Qc7 41. Rf3 Qa5+ 42. Kd1 Qc5 43. Rd3 b5 44. Kd2 Kh6 45. a3 a5 46. a4 bxa4 47. bxa4 Kxh5 48. Rb3 Kg4 0-1

[Event "Aegean op 39th"]
[Site "Aghios Kirykos"]
[Date "2016.07.16"]
[Round "8"]
[White "Pasoglou, Ekaterini"]
[Black "Sarandos, Vasilios"]
[Result "1-0"]
[WhiteElo "1809"]
[BlackElo "2219"]
[PlyCount "131"]
[EventDate "2016.07.11"]
[EventType "swiss"]
[EventRounds "9"]
[EventCountry "GRE"]
[SourceTitle "CBM 173 Extra"]
[Source "ChessBase"]
[SourceDate "2016.08.29"]
[SourceVersion "1"]
[SourceVersionDate "2016.08.29"]
[SourceQuality "1"]

1. e4 c6 2. d4 d5 3. e5 Bf5 4. h4 h5 5. c4 e6 6. Nc3 Nd7 7. Nf3 Ne7 8. Bd3 dxc4 9. Bxc4 Nb6 10. Bd3 Bg4 11. Be2 Nf5 12. Be3 Be7 13. g3 Nd5 14. Bg5 f6 15. Bf4 Bb4 16. Rc1 Kf7 17. Kf1 Nxf4 18. gxf4 Bxf3 19. Bxf3 Qxd4 20. Bxh5+ g6 21. Qxd4 Nxd4 22. Bd1 f5 23. Rh3 Rad8 24. a3 Be7 25. h5 gxh5 26. Rxh5 Kg6 27. Rxh8 Rxh8 28. Ne2 Nb5 29. Kg2 Rd8 30. Bb3 Nc7 31. Rd1 Rxd1 32. Bxd1 Bc5 33. Kf3 Kf7 34. Nc3 Bd4 35. Ba4 b5 36. Bc2 Bxc3 37. bxc3 Nd5 38. c4 bxc4 39. Ba4 c3 40. Ke2 Nxf4+ 41. Ke3 Nd5+ 42. Kd3 c5 43. Bb3 f4 44. Kc4 Kg6 45. Bc2+ Kg5 46. Be4 a6 47. Kd3 Kh6 48. Kc4 Kg7 49. Kd3 Kf8 50. Kc2 Ke7 51. Bd3 a5 52. Bb5 Kd8 53. Bd3 Kc7 54. Bb5 Ne7 55. Bc4 Ng6 56. Bxe6 Nxe5 57. Kxc3 Kd6 58. Bf5 Kd5 59. Bh7 Ng4 60. f3 Nf6 61. Bg6 Kd6 62. Kc4 Kc6 63. a4 Kb6 64. Bf5 Kc6 65. Bg6 Nd7 66. Be8 1-0

[Event "Aegean op 39th"]
[Site "Aghios Kirykos"]
[Date "2016.07.14"]
[Round "5"]
[White "Ymenaiou, Pothiti"]
[Black "Pasoglou, Ekaterini"]
[Result "0-1"]
[WhiteElo "1717"]
[BlackElo "1809"]
[PlyCount "82"]
[EventDate "2016.07.11"]
[EventType "swiss"]
[EventRounds "9"]
[EventCountry "GRE"]
[SourceTitle "EXT 2017"]
[Source "ChessBase"]
[SourceDate "2016.10.25"]
[SourceVersion "1"]
[SourceVersionDate "2016.10.25"]
[SourceQuality "1"]

1. e4 c5 2. Nc3 Nc6 3. g3 g6 4. Bg2 Bg7 5. d3 Rb8 6. Be3 d6 7. Qc1 b5 8. Nge2 b4 9. Nd1 Nd4 10. Ng1 e6 11. c3 bxc3 12. bxc3 Nc6 13. Ne2 Ne5 14. Qc2 Ba6 15. Nc1 Qc7 16. f4 Ng4 17. Bd2 Ne7 18. h3 Nf6 19. 0-0 0-0 20. Ne2 Nd7 21. Ne3 f5 22. g4 fxe4 23. Bxe4 d5 24. Bg2 Qd6 25. Rab1 Rxb1 26. Rxb1 Rc8 27. Nf1 e5 28. Nfg3 c4 29. d4 exd4 30. Nxd4 Bxd4+ 31. cxd4 Nc6 32. Ne2 Re8 33. Bc3 Nf6 34. f5 Ne4 35. fxg6 hxg6 36. Be1 Qf6 37. Qa4 Bc8 38. Rb8 Rd8 39. Bxe4 dxe4 40. Qxc4+ Kh7 41. d5 Nxb8 0-1

[Event "Aegean op 39th"]
[Site "Aghios Kirykos"]
[Date "2016.07.13"]
[Round "4"]
[White "Pasoglou, Ekaterini"]
[Black "Verduyn, Philippe"]
[Result "1/2-1/2"]
[WhiteElo "1809"]
[BlackElo "2186"]
[PlyCount "176"]
[EventDate "2016.07.11"]
[EventType "swiss"]
[EventRounds "9"]
[EventCountry "GRE"]
[SourceTitle "CBM 173 Extra"]
[Source "ChessBase"]
[SourceDate "2016.08.29"]
[SourceVersion "1"]
[SourceVersionDate "2016.08.29"]
[SourceQuality "1"]

1. e4 d6 2. d4 Nf6 3. Nc3 g6 4. f4 Bg7 5. e5 Nfd7 6. Nf3 0-0 7. Be3 c5 8. e6 fxe6 9. Ng5 Nf6 10. dxc5 Nc6 11. cxd6 exd6 12. Be2 h6 13. Nh3 e5 14. fxe5 dxe5 15. Qxd8 Rxd8 16. Bd3 Ng4 17. Bd2 e4 18. Nxe4 Bxb2 19. Rb1 Bd4 20. Bc3 Nce5 21. Bxd4 Rxd4 22. Nhf2 Ne3 23. Rg1 Nxd3+ 24. cxd3 b6 25. Kd2 Nd5 26. g3 Ba6 27. Rb3 Rd8 28. Rc1 Bb7 29. Ke2 Kg7 30. Rc4 Rxc4 31. dxc4 Nf6 32. Nc5 Bc8 33. Ncd3 Be6 34. Ra3 Rd7 35. c5 bxc5 36. Nxc5 Bc4+ 37. Nfd3 Rc7 38. Kf3 Rf7 39. Ke3 Ng4+ 40. Kd4 Bxd3 41. Nxd3 Nxh2 42. Ne5 Rc7 43. Ra6 g5 44. Nc6 Kf6 45. Nxa7+ Kf5 46. Rxh6 Nf3+ 47. Ke3 Rxa7 48. Kxf3 Ra3+ 49. Kf2 Rxa2+ 50. Ke3 Ra3+ 51. Kf2 Kg4 52. Rg6 Rf3+ 53. Ke2 Rxg3 54. Kf2 Rf3+ 55. Kg2 Ra3 56. Rg8 Ra2+ 57. Kg1 Kf4 58. Rf8+ Kg3 59. Kf1 g4 60. Rg8 Ra1+ 61. Ke2 Rg1 62. Rg7 Rg2+ 63. Kf1 Rf2+ 64. Kg1 Rf4 65. Rb7 Rf3 66. Rg7 Rb3 67. Kf1 Rb1+ 68. Ke2 Kh3 69. Kf2 Rb2+ 70. Kg1 Kg3 71. Kf1 Rh2 72. Kg1 Rh5 73. Rc7 Kh3 74. Rg7 g3 75. Rg8 Rf5 76. Rg7 Re5 77. Rh7+ Kg4 78. Rg7+ Kf4 79. Rf7+ Rf5 80. Rxf5+ Kxf5 81. Kf1 Kf4 82. Kg1 Kg4 83. Kg2 Kf4 84. Kg1 Ke3 85. Kg2 Kf4 86. Kg1 Kf3 87. Kf1 g2+ 88. Kg1 Kg3 1/2-1/2

[Event "GRE-ch U16 Girls"]
[Site "Porto Rio"]
[Date "2016.07.03"]
[Round "8"]
[White "Vozinaki, Anthi Maria"]
[Black "Pasoglou, Ekaterini"]
[Result "0-1"]
[WhiteElo "1823"]
[BlackElo "1809"]
[PlyCount "98"]
[EventDate "2016.06.28"]
[EventType "swiss"]
[EventRounds "9"]
[EventCountry "GRE"]
[SourceTitle "CBM 173 Extra"]
[Source "ChessBase"]
[SourceDate "2016.08.29"]
[SourceVersion "1"]
[SourceVersionDate "2016.08.29"]
[SourceQuality "1"]

1. e4 c5 2. Nf3 Nc6 3. Bb5 g6 4. c3 Bg7 5. 0-0 Nh6 6. d4 cxd4 7. cxd4 a6 8. Be2 d5 9. exd5 Qxd5 10. Nc3 Qd6 11. d5 Ne5 12. Nxe5 Qxe5 13. Re1 Qd6 14. Bg5 Nf5 15. Qa4+ Bd7 16. Qe4 h6 17. Bf4 Qf6 18. d6 Nxd6 19. Bxd6 Qxd6 20. Rad1 Bc6 21. Qg4 Qf6 22. Bf3 0-0 23. Bxc6 bxc6 24. Qe4 Rab8 25. Na4 Rb5 26. b3 Re5 27. Qc4 Rxe1+ 28. Rxe1 Rd8 29. Qxa6 Rd2 30. Rf1 Rxa2 31. Qc4 Qd4 32. Qa6 Be5 33. Qc8+ Kg7 34. g3 Rc2 35. Qb7 Bd6 36. Qa6 h5 37. Qa5 h4 38. Qg5 h3 39. Qh4 Qxh4 40. gxh4 Bb8 41. Nb6 Ba7 42. Nc4 Re2 43. Na5 Re6 44. Rc1 Re2 45. Rf1 Rc2 46. Nc4 f6 47. Na5 Kh6 48. b4 Kh5 49. Nb7 Kxh4 0-1

[Event "GRE-ch U16 Girls"]
[Site "Porto Rio"]
[Date "2016.06.29"]
[Round "3"]
[White "Anthopoulou, Ioanna"]
[Black "Pasoglou, Ekaterini"]
[Result "0-1"]
[WhiteElo "1376"]
[BlackElo "1809"]
[PlyCount "126"]
[EventDate "2016.06.28"]
[EventType "swiss"]
[EventRounds "9"]
[EventCountry "GRE"]
[SourceTitle "CBM 173 Extra"]
[Source "ChessBase"]
[SourceDate "2016.08.29"]
[SourceVersion "1"]
[SourceVersionDate "2016.08.29"]
[SourceQuality "1"]

1. e4 c5 2. Nc3 Nc6 3. Bb5 Nd4 4. Nf3 Nxb5 5. Nxb5 a6 6. Nc3 b5 7. 0-0 Bb7 8. d3 d6 9. Be3 e6 10. Qd2 Be7 11. Rfe1 Nf6 12. Rad1 h6 13. Qe2 Qc7 14. Bc1 0-0 15. Nb1 Rac8 16. Nbd2 Nd7 17. c3 c4 18. dxc4 bxc4 19. Nd4 Ne5 20. N2f3 Nd3 21. Rf1 Nxc1 22. Rxc1 Bf6 23. Rcd1 g6 24. Rfe1 e5 25. Nc2 a5 26. Ne3 Bxe4 27. Ng4 Bd3 28. Nxf6+ Kg7 29. Qe3 Kxf6 30. Qxh6 Rh8 31. Qg5+ Kg7 32. Nd2 Rh5 33. Qg3 d5 34. b3 f5 35. bxc4 Bc2 36. Rc1 f4 37. Qg4 Bf5 38. Qd1 Rch8 39. Nf1 dxc4 40. h3 Qe7 41. Qd5 Bd3 42. Nh2 Rd8 43. Qxa5 e4 44. Qb6 Rd6 45. Qb4 Qd7 46. Ng4 Ra6 47. Qb8 f3 48. Qf4 Qe6 49. gxf3 Rxh3 50. Ra1 Ra8 51. fxe4 Rh5 52. e5 Rf8 53. Nf6 Rf5 54. Qe3 Qe7 55. f4 Rh8 56. Kg2 Qb7+ 57. Kg3 g5 58. fxg5 Kg6 59. Ng4 Rxg5 60. e6 Bf5 61. Kf2 Rh2+ 62. Kg3 Rxg4+ 63. Kxh2 Qg2# 0-1

[Event "GRE-chT 43rd"]
[Site "Porto Rio"]
[Date "2015.10.11"]
[Round "6.1"]
[White "Avramidou, Anastasia"]
[Black "Pasoglou, Ekaterini"]
[Result "1/2-1/2"]
[WhiteElo "2249"]
[BlackElo "1840"]
[PlyCount "119"]
[EventDate "2015.10.08"]
[EventType "team-swiss"]
[EventRounds "7"]
[EventCountry "GRE"]
[SourceTitle "CBM 168 Extra"]
[Source "ChessBase"]
[SourceDate "2015.10.29"]
[SourceVersion "1"]
[SourceVersionDate "2015.10.29"]
[SourceQuality "1"]
[WhiteTeam "Peristeriou"]
[BlackTeam "Thessaloniki"]
[WhiteTeamCountry "GRE"]
[BlackTeamCountry "GRE"]

1. e4 c5 2. Nf3 Nc6 3. d4 cxd4 4. Nxd4 g6 5. c4 Bg7 6. Be3 Nf6 7. Nc3 Ng4 8. Qxg4 Nxd4 9. Qd1 Ne6 10. Qd2 Qa5 11. Rc1 b6 12. Be2 Bb7 13. f3 g5 14. 0-0 Be5 15. Rfd1 Rd8 16. b3 Bf4 17. Nd5 Qxd2 18. Bxd2 Bxd2 19. Rxd2 d6 20. Bf1 h5 21. Rcd1 h4 22. g3 hxg3 23. hxg3 f6 24. Rh2 Rxh2 25. Kxh2 Kf7 26. Ne3 Rh8+ 27. Kg1 Ng7 28. Rd2 Ne6 29. Be2 Bc8 30. Bd1 Nc7 31. b4 Be6 32. Bb3 a5 33. f4 Kg7 34. f5 Bc8 35. bxa5 bxa5 36. Bc2 Na6 37. Rd5 Nc5 38. Rd1 Ba6 39. Rb1 Rc8 40. Nd5 Kf7 41. Kg2 Rd8 42. Ne3 Rd7 43. Kf3 Rb7 44. Rxb7 Bxb7 45. Nd1 Ba6 46. Nb2 Bb7 47. Ke3 Ke8 48. Nd1 Kd8 49. Nf2 Kc7 50. Ng4 Kb6 51. Kd4 Nd7 52. Ne3 Kc7 53. Nf1 Ne5 54. Nd2 Kb6 55. Ba4 Ba6 56. Kd5 Bc8 57. Bc2 Ng4 58. Kd4 Ne5 59. Kd5 Ng4 60. Kd4 1/2-1/2

[Event "Chalkidiki op"]
[Site "Chalkidiki"]
[Date "2015.07.19"]
[Round "9"]
[White "Pasoglou, Ekaterini"]
[Black "Nikolakis, Panagiotis Marios"]
[Result "1-0"]
[WhiteElo "1713"]
[BlackElo "1814"]
[PlyCount "63"]
[EventDate "2015.07.12"]
[EventType "swiss"]
[EventRounds "9"]
[EventCountry "GRE"]
[SourceTitle "EXT 2016"]
[Source "ChessBase"]
[SourceDate "2015.10.08"]
[SourceVersion "1"]
[SourceVersionDate "2015.10.08"]
[SourceQuality "1"]

1. d4 Nf6 2. Nf3 g6 3. g3 Bg7 4. Bg2 0-0 5. 0-0 d6 6. c4 Nc6 7. Nc3 a6 8. h3 Bf5 9. Nh4 Bd7 10. e4 e5 11. d5 Nd4 12. Nf3 Re8 13. Be3 Qc8 14. Kh2 Nxf3+ 15. Qxf3 Ng4+ 16. Kg1 Nxe3 17. fxe3 Rf8 18. Kh2 f5 19. Qe2 Bh6 20. Rf2 Qd8 21. Raf1 Qg5 22. Nd1 Rf7 23. h4 Qe7 24. exf5 gxf5 25. Qh5 Rf6 26. Bh3 f4 27. Bxd7 fxg3+ 28. Kxg3 Rg6+ 29. Bg4 Bg7 30. Kh3 Rf8 31. Be6+ Kh8 32. Rxf8+ 1-0